000 01786nam a2200277 a 4500
008 060316s1982 ||||||||||||||||| || u
020 _a0246115025
050 _aTA 575 Coo
100 _aCooper, M. A. R
245 1 0 _aModern theodolites and levels. (2nd ed.)
250 _a2nd ed.
260 _aLondon :
_bGranada
_c1982
300 _axi, 258 p. : ill.
350 _a0.00
500 _aIncludes bibliography
650 _aTHEODOLITES
650 _aLEVELS (SURVEYING INSTRUMENTS)
995 _aTEXTBOOKS (MIN.ENG.)
_D0.00
_e5154
_FCBU-SCHOOL TEXTBOOK COLLECTIONS
_H1
_I0.00
_jSCHOOL TEXTBOOK
_M7
_UAVAILABLE
_WAug 24, 2009
_y5154
_ZSchool Collections
995 _aTEXTBOOKS (MIN.ENG.)
_D0.00
_e5152
_FCBU-SCHOOL TEXTBOOK COLLECTIONS
_H1
_I0.00
_jSCHOOL TEXTBOOK
_M5
_UAVAILABLE
_WAug 24, 2009
_y5152
_ZSchool Collections
995 _aTEXTBOOKS (MIN.ENG.)
_D0.00
_e03146
_FCBU-SCHOOL TEXTBOOK COLLECTIONS
_H1
_I0.00
_jSCHOOL TEXTBOOK
_M3
_UAVAILABLE
_WAug 7, 2009
_y03146
_ZSchool Collections
995 _aTEXTBOOKS (MIN.ENG.)
_D0.00
_e5153
_FCBU-SCHOOL TEXTBOOK COLLECTIONS
_H1
_I0.00
_jSCHOOL TEXTBOOK
_M6
_UAVAILABLE
_WAug 24, 2009
_y5153
_ZSchool Collections
995 _aMAIN LIBRARY OPEN ACCESS
_D0.00
_e705815
_FCBU-MAIN LIBRARY (Kitwe)
_H2
_I20.00
_jTA 575 Coo
_M1
_UAVAILABLE
_y016813
_ZMain Library Open Access Collection
995 _aTEXTBOOKS (MIN.ENG.)
_D0.00
_e5151
_FCBU-SCHOOL TEXTBOOK COLLECTIONS
_H1
_I0.00
_jSCHOOL TEXTBOOK
_M4
_UAVAILABLE
_WAug 24, 2009
_y5151
_ZSchool Collections
995 _aMAIN LIBRARY OPEN ACCESS
_D0.00
_e713881
_FCBU-MAIN LIBRARY (Kitwe)
_H1
_I20.00
_jTA 575 Coo
_M2
_UAVAILABLE
_y018814
_ZMain Library Open Access Collection
995 _aTEXTBOOKS (MIN.ENG.)
_D0.00
_e5155
_FCBU-SCHOOL TEXTBOOK COLLECTIONS
_H1
_I0.00
_jSCHOOL TEXTBOOK
_M8
_UAVAILABLE
_WAug 24, 2009
_y5155
_ZSchool Collections
999 _c77614
_d77614